<?xml version="1.0" encoding="UTF-8"?>
<record
    xmlns:xsi="http://www.w3.org/2001/XMLSchema-instance"
    xsi:schemaLocation="http://www.loc.gov/MARC21/slim http://www.loc.gov/standards/marcxml/schema/MARC21slim.xsd"
    xmlns="http://www.loc.gov/MARC21/slim">

  <leader>02528    a2200253   4500</leader>
  <controlfield tag="003">NALT</controlfield>
  <controlfield tag="005">20260206134454.0</controlfield>
  <controlfield tag="008">250611b        th ||||| |||| 00| 0 tha d</controlfield>
  <datafield tag="020" ind1=" " ind2=" ">
    <subfield code="a">9786165814232</subfield>
  </datafield>
  <datafield tag="040" ind1=" " ind2=" ">
    <subfield code="a">NALT</subfield>
  </datafield>
  <datafield tag="090" ind1=" " ind2=" ">
    <subfield code="a">KE 73</subfield>
    <subfield code="b">&#xE0A;486&#xE04; </subfield>
  </datafield>
  <datafield tag="100" ind1="0" ind2=" ">
    <subfield code="a">&#xE0A;&#xE32;&#xE0D;&#xE0A;&#xE31;&#xE22; &#xE41;&#xE2A;&#xE27;&#xE07;&#xE28;&#xE31;&#xE01;&#xE14;&#xE34;&#xE4C;</subfield>
    <subfield code="9">9476</subfield>
  </datafield>
  <datafield tag="245" ind1="1" ind2="0">
    <subfield code="a">&#xE04;&#xE33;&#xE2D;&#xE18;&#xE34;&#xE1A;&#xE32;&#xE22;&#xE01;&#xE0E;&#xE2B;&#xE21;&#xE32;&#xE22;&#xE27;&#xE48;&#xE32;&#xE14;&#xE49;&#xE27;&#xE22;&#xE27;&#xE34;&#xE18;&#xE35;&#xE1B;&#xE0F;&#xE34;&#xE1A;&#xE31;&#xE15;&#xE34;&#xE23;&#xE32;&#xE0A;&#xE01;&#xE32;&#xE23;&#xE17;&#xE32;&#xE07;&#xE1B;&#xE01;&#xE04;&#xE23;&#xE2D;&#xE07; /</subfield>
    <subfield code="c">&#xE0A;&#xE32;&#xE0D;&#xE0A;&#xE31;&#xE22; &#xE41;&#xE2A;&#xE27;&#xE07;&#xE28;&#xE31;&#xE01;&#xE14;&#xE34;&#xE4C;.</subfield>
  </datafield>
  <datafield tag="250" ind1=" " ind2=" ">
    <subfield code="a">&#xE1E;&#xE34;&#xE21;&#xE1E;&#xE4C;&#xE04;&#xE23;&#xE31;&#xE49;&#xE07;&#xE17;&#xE35;&#xE48; 16.</subfield>
  </datafield>
  <datafield tag="260" ind1=" " ind2=" ">
    <subfield code="a">&#xE01;&#xE23;&#xE38;&#xE07;&#xE40;&#xE17;&#xE1E;&#xE2F; :</subfield>
    <subfield code="b">&#xE27;&#xE34;&#xE0D;&#xE0D;&#xE39;&#xE0A;&#xE19;,</subfield>
    <subfield code="c">2567.</subfield>
  </datafield>
  <datafield tag="300" ind1=" " ind2=" ">
    <subfield code="a">663 &#xE2B;&#xE19;&#xE49;&#xE32; ;</subfield>
    <subfield code="c">26 &#xE0B;&#xE21;.</subfield>
  </datafield>
  <datafield tag="505" ind1="2" ind2=" ">
    <subfield code="a">&#xE1A;&#xE17;&#xE17;&#xE35;&#xE48; 1 &#xE41;&#xE19;&#xE27;&#xE04;&#xE27;&#xE32;&#xE21;&#xE04;&#xE34;&#xE14;&#xE1E;&#xE37;&#xE49;&#xE19;&#xE10;&#xE32;&#xE19;&#xE02;&#xE2D;&#xE07;&#xE01;&#xE23;&#xE30;&#xE1A;&#xE27;&#xE19;&#xE01;&#xE32;&#xE23;&#xE1E;&#xE34;&#xE08;&#xE32;&#xE23;&#xE13;&#xE32;&#xE17;&#xE32;&#xE07;&#xE1B;&#xE01;&#xE04;&#xE23;&#xE2D;&#xE07;&#xE41;&#xE25;&#xE30;&#xE04;&#xE27;&#xE32;&#xE21;&#xE40;&#xE1B;&#xE47;&#xE19;&#xE21;&#xE32;&#xE02;&#xE2D;&#xE07;&#xE01;&#xE0E;&#xE2B;&#xE21;&#xE32;&#xE22;&#xE27;&#xE48;&#xE32;&#xE14;&#xE49;&#xE27;&#xE22;&#xE27;&#xE34;&#xE18;&#xE35;&#xE1B;&#xE0F;&#xE34;&#xE1A;&#xE31;&#xE15;&#xE34;&#xE23;&#xE32;&#xE0A;&#xE01;&#xE32;&#xE23;&#xE17;&#xE32;&#xE07;&#xE1B;&#xE01;&#xE04;&#xE23;&#xE2D;&#xE07; -- &#xE1A;&#xE17;&#xE17;&#xE35;&#xE48; 2 &#xE02;&#xE2D;&#xE1A;&#xE40;&#xE02;&#xE15;&#xE01;&#xE32;&#xE23;&#xE1A;&#xE31;&#xE07;&#xE04;&#xE31;&#xE1A;&#xE43;&#xE0A;&#xE49;&#xE1E;&#xE23;&#xE30;&#xE23;&#xE32;&#xE0A;&#xE1A;&#xE31;&#xE0D;&#xE0D;&#xE31;&#xE15;&#xE34;&#xE27;&#xE34;&#xE18;&#xE35;&#xE1B;&#xE0F;&#xE34;&#xE1A;&#xE31;&#xE15;&#xE34;&#xE23;&#xE32;&#xE0A;&#xE01;&#xE32;&#xE23;&#xE17;&#xE32;&#xE07;&#xE1B;&#xE01;&#xE04;&#xE23;&#xE2D;&#xE07; &#xE1E;.&#xE28;. 2539 -- &#xE1A;&#xE17;&#xE17;&#xE35;&#xE48; 3 &#xE40;&#xE08;&#xE49;&#xE32;&#xE2B;&#xE19;&#xE49;&#xE32;&#xE17;&#xE35;&#xE48;&#xE0B;&#xE36;&#xE48;&#xE07;&#xE21;&#xE35;&#xE2D;&#xE33;&#xE19;&#xE32;&#xE08;&#xE17;&#xE33;&#xE01;&#xE32;&#xE23;&#xE1E;&#xE34;&#xE08;&#xE32;&#xE23;&#xE13;&#xE32;&#xE17;&#xE32;&#xE07;&#xE01;&#xE32;&#xE23;&#xE1B;&#xE01;&#xE04;&#xE23;&#xE2D;&#xE07; -- &#xE1A;&#xE17;&#xE17;&#xE35;&#xE48; 4 &#xE04;&#xE39;&#xE48;&#xE01;&#xE23;&#xE13;&#xE35;&#xE43;&#xE19;&#xE01;&#xE32;&#xE23;&#xE17;&#xE33;&#xE04;&#xE33;&#xE2A;&#xE31;&#xE48;&#xE07;&#xE17;&#xE32;&#xE07;&#xE1B;&#xE01;&#xE04;&#xE23;&#xE2D;&#xE07; -- &#xE1A;&#xE17;&#xE17;&#xE35;&#xE48; 5 &#xE01;&#xE32;&#xE23;&#xE1E;&#xE34;&#xE08;&#xE32;&#xE23;&#xE13;&#xE32;&#xE2D;&#xE2D;&#xE01;&#xE04;&#xE33;&#xE2A;&#xE31;&#xE48;&#xE07;&#xE17;&#xE32;&#xE07;&#xE1B;&#xE01;&#xE04;&#xE23;&#xE2D;&#xE07; -- &#xE1A;&#xE17;&#xE17;&#xE35;&#xE48; 6 &#xE1C;&#xE25;&#xE02;&#xE2D;&#xE07;&#xE04;&#xE33;&#xE2A;&#xE31;&#xE48;&#xE07;&#xE17;&#xE32;&#xE07;&#xE1B;&#xE01;&#xE04;&#xE23;&#xE2D;&#xE07; -- &#xE1A;&#xE17;&#xE17;&#xE35;&#xE48; 7 &#xE01;&#xE32;&#xE23;&#xE40;&#xE1E;&#xE34;&#xE01;&#xE16;&#xE2D;&#xE19;&#xE04;&#xE33;&#xE2A;&#xE31;&#xE48;&#xE07;&#xE17;&#xE32;&#xE07;&#xE1B;&#xE01;&#xE04;&#xE23;&#xE2D;&#xE07; -- &#xE1A;&#xE17;&#xE17;&#xE35;&#xE48; 8 &#xE01;&#xE32;&#xE23;&#xE2D;&#xE38;&#xE17;&#xE18;&#xE23;&#xE13;&#xE4C;&#xE04;&#xE33;&#xE2A;&#xE31;&#xE48;&#xE07;&#xE17;&#xE32;&#xE07;&#xE1B;&#xE01;&#xE04;&#xE23;&#xE2D;&#xE07; -- &#xE1A;&#xE17;&#xE17;&#xE35;&#xE48; 9 &#xE01;&#xE32;&#xE23;&#xE02;&#xE2D;&#xE43;&#xE2B;&#xE49;&#xE1E;&#xE34;&#xE08;&#xE32;&#xE23;&#xE13;&#xE32;&#xE43;&#xE2B;&#xE21;&#xE48; -- &#xE1A;&#xE17;&#xE17;&#xE35;&#xE48; 10 &#xE01;&#xE32;&#xE23;&#xE1A;&#xE31;&#xE07;&#xE04;&#xE31;&#xE1A;&#xE17;&#xE32;&#xE07;&#xE1B;&#xE01;&#xE04;&#xE23;&#xE2D;&#xE07; -- &#xE1A;&#xE17;&#xE17;&#xE35;&#xE48; 11 &#xE23;&#xE30;&#xE22;&#xE30;&#xE40;&#xE27;&#xE25;&#xE32;&#xE41;&#xE25;&#xE30;&#xE2D;&#xE32;&#xE22;&#xE38;&#xE04;&#xE27;&#xE32;&#xE21; -- &#xE1A;&#xE17;&#xE17;&#xE35;&#xE48; 12 &#xE01;&#xE32;&#xE23;&#xE41;&#xE08;&#xE49;&#xE07;.</subfield>
  </datafield>
  <datafield tag="650" ind1=" " ind2="4">
    <subfield code="a">&#xE01;&#xE0E;&#xE2B;&#xE21;&#xE32;&#xE22;&#xE1B;&#xE01;&#xE04;&#xE23;&#xE2D;&#xE07;</subfield>
    <subfield code="9">1608</subfield>
  </datafield>
  <datafield tag="650" ind1=" " ind2="4">
    <subfield code="a">&#xE27;&#xE34;&#xE18;&#xE35;&#xE1E;&#xE34;&#xE08;&#xE32;&#xE23;&#xE13;&#xE32;&#xE04;&#xE14;&#xE35;&#xE1B;&#xE01;&#xE04;&#xE23;&#xE2D;&#xE07;</subfield>
    <subfield code="9">18024</subfield>
  </datafield>
  <datafield tag="942" ind1=" " ind2=" ">
    <subfield code="c">LB</subfield>
    <subfield code="2">local</subfield>
  </datafield>
  <datafield tag="996" ind1=" " ind2=" ">
    <subfield code="a">varee.k</subfield>
    <subfield code="b">LIBSTF</subfield>
    <subfield code="c">2025-06-11</subfield>
  </datafield>
  <datafield tag="996" ind1=" " ind2=" ">
    <subfield code="a">saiphon.d</subfield>
    <subfield code="b">CATSTF	</subfield>
    <subfield code="c">2025-06-12</subfield>
  </datafield>
  <datafield tag="999" ind1=" " ind2=" ">
    <subfield code="c">106784</subfield>
    <subfield code="d">106784</subfield>
  </datafield>
  <datafield tag="998" ind1=" " ind2=" ">
    <subfield code="j">111</subfield>
    <subfield code="k"> &#xE19;&#xE32;&#xE07;&#xE2A;&#xE32;&#xE27;&#xE1E;&#xE08;&#xE1E;&#xE34;&#xE13;  &#xE1E;&#xE23;&#xE21;&#xE40;&#xE2D;&#xE35;&#xE48;&#xE22;&#xE21;</subfield>
  </datafield>
  <datafield tag="952" ind1=" " ind2=" ">
    <subfield code="0">0</subfield>
    <subfield code="1">0</subfield>
    <subfield code="2">local</subfield>
    <subfield code="4">0</subfield>
    <subfield code="7">0</subfield>
    <subfield code="8">CLAW</subfield>
    <subfield code="a">NALT</subfield>
    <subfield code="b">NALT</subfield>
    <subfield code="c">LAW</subfield>
    <subfield code="d">2025-06-05</subfield>
    <subfield code="e">192</subfield>
    <subfield code="l">4</subfield>
    <subfield code="m">2</subfield>
    <subfield code="o">KE 73 &#xE0A;486&#xE04; 2567</subfield>
    <subfield code="p">3961215352</subfield>
    <subfield code="r">2026-02-17 00:00:00</subfield>
    <subfield code="s">2026-02-06</subfield>
    <subfield code="w">2025-06-05</subfield>
    <subfield code="y">LB</subfield>
  </datafield>
</record>
